| 000 | 01143cam a22003497a 4500 | ||
|---|---|---|---|
| 003 | CHAP | ||
| 005 | 20220817043710.0 | ||
| 008 | 000821d1999 us a r 00110 eng d | ||
| 010 | _a82073 | ||
| 011 | _a83045 | ||
| 020 | _a0890542279 | ||
| 035 | _a93553 | ||
| 040 | _cCHAP | ||
| 082 | 0 | 4 |
_a634.3 _bT5 |
| 100 | 0 | 0 |
_aTimmer, L.W. _eed. |
| 245 | 1 | 0 |
_aCitrus health management _c/ed. by L.W. Timmer and Larry W. Duncan |
| 260 |
_aSt. Paul, Minn. : _bAmerican Phytopatological Society, _cc.1999. |
||
| 300 |
_a197 p. : _bilus. |
||
| 590 |
_aBATCH-UPD _b10 _c20130110 _lUCH01 _h0318 |
||
| 590 |
_aBATCH-UPD _b10 _c20130110 _lUCH01 _h1734 |
||
| 590 |
_aBATCH-UPD _b10 _c20130409 _lUCH01 _h2351 |
||
| 590 |
_aBATCH-UPD _b10 _c20130914 _lUCH01 _h0959 |
||
| 590 |
_aCONVERSION _b10 _c20130109 _lUCH01 _h1346 |
||
| 650 | 1 | 4 |
_aCítricos. _924392 |
| 650 | 1 | 4 |
_aCítricos _xAspectos económicos. _924399 |
| 650 | 1 | 4 |
_aCítricos _xEnfermedades. _924423 |
| 700 | 0 | 2 |
_aDuncan, Larry W. _eed. _934471 |
| 901 | _aBK | ||
| 905 | _aMayto Villalobos S. | ||
| 942 | _cLIBRO | ||
| 949 |
_a634.3 T5 _bBC _cLIBRO _d33724000775953 _eLIBRO _gI. 205568 _h97910 _i93553 _si _t$704.00 |
||
| 999 |
_c82073 _d82073 |
||